Aperçu historique sur l'origine et développement des méthodes en géometrie... / (Record no. 48176)

MARC details
000 -LEADER
campo de control de longitud fija 00678nam a22002055i 4500
001 - NÚMERO DE CONTROL
campo de control 48176
003 - IDENTIFICADOR DE NÚMERO DE CONTROL
campo de control ES-MaACL
005 - FECHA Y HORA DE LA ÚLTIMA TRANSACCIÓN
campo de control 20251005063041.0
007 - CAMPO FIJO DE DESCRIPCIÓN FÍSICA--INFORMACIÓN GENERAL
campo de control de longitud fija t|
008 - DATOS DE LONGITUD FIJA--INFORMACIÓN GENERAL
campo de control de longitud fija 950706s1889 fr ||||1| fre d
040 ## - FUENTE DE CATALOGACIÓN
Centro catalogador/agencia de origen CAM
Lengua de catalogación spa
Centro/agencia transcriptor CAM
100 1# - ENTRADA PRINCIPAL--NOMBRE DE PERSONA
Nombre de persona Chasles, Michel,
Fechas asociadas al nombre 1793-1880
9 (RLIN) 38155
245 10 - MENCIÓN DEL TÍTULO
Título Aperçu historique sur l'origine et développement des méthodes en géometrie... /
Mención de responsabilidad, etc. par M. Chasles.
250 ## - MENCION DE EDICION
Mención de edición Troisiéme édition, conforme a la premiére.
260 ## - PUBLICACIÓN, DISTRIBUCIÓN, ETC.
Lugar de publicación, distribución, etc. Paris :
Nombre del editor, distribuidor, etc. Gaultier, Villars et fils,
Fecha de publicación, distribución, etc. 1889.
300 ## - DESCRIPCIÓN FÍSICA
Extensión [4], II, 851 p. ;
Dimensiones 29 cm.
650 #4 - PUNTO DE ACCESO ADICIONAL DE MATERIA--TÉRMINO DE MATERIA
Término de materia o nombre geográfico como elemento de entrada Geometría-
Subdivisión general Historia.
9 (RLIN) 143639
852 ## - LOCALIZACIÓN
Ubicación ES-MaACL
Número de control de estantería G-5795
Holdings
Estatus retirado Estado de pérdida Estado de daño No para préstamo Colección Biblioteca de origen Biblioteca actual Ubicación en estantería Fecha de adquisición Fuente de adquisición Total de préstamos Signatura topográfica completa Código de barras Visto por última vez Precio de reemplazo Tipo de ítem Koha
        Libros del s. XIX Biblioteca del Ateneo de Madrid Biblioteca del Ateneo de Madrid Depósito 2 17/01/2008     G-5795 1050702 23/02/2023 23/02/2023 Libro impreso antiguo